A Source Book for Literacy Work : (Record no. 608248)

MARC details
000 -LEADER
fixed length control field 00531nam a2200193 a 4500
008 - FIXED-LENGTH DATA ELEMENTS--GENERAL INFORMATION
fixed length control field 260111s1994##################000#0#eng##
020 ## - INTERNATIONAL STANDARD BOOK NUMBER
ISBN 9781853022630
082 04 - DEWEY DECIMAL CLASSIFICATION NUMBER
Classification number 302.2244
Item number BHO
100 1# - MAIN ENTRY--AUTHOR NAME
Personal name Bhola, H. S.,
245 10 - TITLE STATEMENT
Title A Source Book for Literacy Work :
260 ## - PUBLICATION, DISTRIBUTION, ETC. (IMPRINT)
Name of publisher Jessica Kingsley Publishers,
Year of publication 1994.
300 ## - PHYSICAL DESCRIPTION
Number of Pages 210 pages
650 #0 - SUBJECT ADDED ENTRY--TOPICAL TERM
Topical Term Language Arts & Disciplines.
942 ## - ADDED ENTRY ELEMENTS (KOHA)
Koha item type English Books
Holdings
Withdrawn status Lost status Damaged status Not for loan Home library Current library Shelving location Date acquired Full call number Accession Number Price effective from Koha item type
        Anna Centenary Library Anna Centenary Library 3RD FLOOR, B WING 12.01.2026 302.2244 BHO 425600 12.01.2026 English Books

Find us on the map